000 00200nam a2200085Ia 4500
008 230915s9999 xx 000 0 und d
050 _aPE1128.T58
245 2 _aA PRACTICAL ENGLISH GRAMMAR
942 _cBK
999 _c174255
_d174255